000 00955nas a2200277 4500
001 BR8500357
003 BR-BrBNA
005 20231205090102.0
007 ta
008 230509b bl.|||p| |||| 00| 00por d
040 _aBR-BrBNA
_bpor
_cBiblioteca Nacional de Agricultura
041 _a(Pt)
072 _aL73
100 1 _aTerreran, M.T.
100 1 _aPustiglione Netto, L.
100 1 _aNascimento, C.L.G. do
245 1 _aRelato epidemiologico de um surto de febre aftosa: estudo da susceptibilidade das especies bovina e suina a uma amostra de virus de campo
246 1 _aEpidemiological report of an autbreak of foot-and-mouth disease: bovine and swine susceptibility to a field strain
650 _aBOVINO
650 _aSUÍNO
650 _aAFTOSA
650 _aSINTOMA
773 0 _tBiologico (Brazil)
_xISSN 0366-0567
_g(Mar 1984), v. 50(3) p. 55-57
_wBR8500357
909 _a202311
_bLúcia
_c55
_dLúcia Elande
942 _2AGRIS
_n0
_cANA
999 _c116059
_d116059